| 000 | 00949nam a22001697a 4500 | ||
|---|---|---|---|
| 003 | JO-AjAnu | ||
| 005 | 20240708131740.0 | ||
| 008 | 240708b jo ||||| |||| 00| 0 ara d | ||
| 040 |
_aJO-AjAnu _bara _cJO-AjAnu |
||
| 041 | 1 | _hara | |
| 100 |
_aالسميري، عز الدين محمود حافظ _eمعد _966098 |
||
| 245 | 1 | 0 |
_aالذكاء العاطفي زعلاقته بمهارات تقرير المصير لدى الطلبة ذوي صعوبات التعلم = Emotional intelligence and its relationship to self-determination skills among students with learning difficulties / _cاعداد عز الدين محمود حافظ المسيري ؛ اشراف خالد احمد عبيدات |
| 260 | _c2024 | ||
| 300 | _a87 ورقة | ||
| 500 | _aرسالة جامعية (اطروحة ماجستير) جامعة عجلون الوطنية/كلية العلوم التربوية، تخصص صعوبات التعلم، 2024 | ||
| 942 |
_2lcc _cTHS _n0 |
||
| 999 |
_c33601 _d33601 |
||